Ecoletra.com scientific eJournal

Saved in:
Bibliographic Details
Format: Serial
Language:English
Published: Lewes Ecoletra.com LLC 2018
Tags: Add Tag
No Tags, Be the first to tag this record!

MARC

LEADER 00000nas2a2200000 4500
001 0242039
005 20180416085432.9
022 |a 2377-9748 
041 0 |a eng 
044 |a US 
245 1 0 |a Ecoletra.com  |b scientific eJournal 
264 1 |a Lewes  |b Ecoletra.com LLC  |c 2018 
773 0 |w eu_un_cat*0225886